| 000 | 00993nam a22002657a 4500 | ||
|---|---|---|---|
| 003 | PE SENCICO BE | ||
| 005 | 20260310163609.0 | ||
| 008 | 260310b |||||||| |||| 00| 0 eng d | ||
| 020 | _a978-612-304-056-7 | ||
| 040 |
_aPE SENCICO BE _cPE SENCICO BE |
||
| 041 | _aspa | ||
| 082 |
_a658.404 _bE98C |
||
| 100 | 1 |
_aEyzaguirre Acosta, Carlos _953 _eautor |
|
| 245 | 1 |
_aControl y seguimiento con project / _cCarlos Ezaguirre Acosta |
|
| 250 | _a1a ed. | ||
| 260 |
_aLima : _bMacro ; _c2012 |
||
| 300 |
_a350 páginas : _bilustraciones ; _c24.5 cm. |
||
| 505 | 0 | _aDefinir los recursos del proyecto -- Tabla de costos en vista diagrama de Gantt -- Configurar valores para las líneas base | |
| 520 | 3 | _aExplica el manejo y elaboración software para presupuesto, ejercicios prácticos | |
| 650 | 1 | 0 |
_aAdministración de proyectos _9363 |
| 650 | 2 | 0 |
_aMS Project (Programa para computadora) _9585 |
| 650 | 2 | 0 |
_aSistemas administrativos _9586 |
| 910 | _ahfp | ||
| 942 |
_2ddc _cLIB |
||
| 999 |
_c9855 _d9855 |
||